| 000 | 00336nam a22001217a 4500 | ||
|---|---|---|---|
| 999 |
_c13424 _d13424 |
||
| 020 | _a9789699988875 | ||
| 082 | _a320.95 | ||
| 100 | _aAyesha Jalal | ||
| 245 |
_aDemocracy and Authoritarianism In South Asia _bA comparative Historical Perspective |
||
| 260 |
_aLahore _bPeace Publications _c2018 |
||
| 300 | _axiii, 295 pages | ||
| 942 | _cBK | ||